Normal view
MARC view
Entry Corporate Name
001 - CONTROL NUMBER
- control field: 2053
003 - CONTROL NUMBER IDENTIFIER
- control field: OSt
005 - DATE AND TIME OF LATEST TRANSACTION
- control field: 20110428120718.0
008 - FIXED-LENGTH DATA ELEMENTS
- fixed length control field: 110428|||a|||||| | ||| d
040 ## - CATALOGING SOURCE
- Original cataloging agency: OSt
- Transcribing agency: OSt
110 ## - HEADING--CORPORATE NAME
- Corporate name or jurisdiction name as entry element: Great Britain.
- Form subheading: Laws, statutes, etc.
670 ## - SOURCE DATA FOUND
- Source citation: Work cat.: (OSt)0: Citrine, Norman Arthur, Lord, 1914-1997. 2050, Trade union law,, 1950.
